01146nam a2200277 a 4500001001000000003000900010005001700019007000300036008004100039040003000080082001300110245009300123264011300216300002000329336002700349337003300376338002800409500007300437500003200510590002600542910000700568942001400575952012600589952013600715999001700851000027638DO-SdBNP20240722102037.0ta110404s1938 dr 000 0 spa d aDO-SdBNPbspacBNPHUerda 222bC41800aCertamen de la Trinitaria :bContribución de Santiago a la obra de la Independencia /. aSantiago de los Caballeros, República Dominicana :bSociedad Amante de la LuzbEditorial el Diario,c1938. avolumenc22 cm. 2rdacontentatextobtxt 2rdamediaasin mediaciónbn 2rdacarrieravolumenbnc aIncluye referencias bibliográficas y notas al pie de las páginas aLa biblioteca posee el v. 4 aInventariado, 2024/DG aDG 2ddccLBS1 00102ddc51708PDaBNPHUbBNPHUcCTd2011-04-04l0oBNPHU PD C418p27638-10r2020-06-25w2020-06-25yLBS1ZNo se presta 00102ddc51708PDaBNPHUbBNPHUcCTd2024-07-22l0oBNPHU PD C418p2024-4511r2024-07-22te.2w2024-07-22yLBS1zBárbara Suncar c27130d27130